Words that Contain "asl" - Statistics

General Stats
  • This quiz has been taken 33 times
  • The average score is 2 of 5
Answer Stats
Answer % Correct
Asleep
52%
Gaslight
48%
Measles
19%
Aslant
16%
Measly
16%
No matching quizzes found
Score Distribution
Percent of People with Each Score
Percentile by Number Answered
Your Score History
You have not taken this quiz